| 000 | 00620nam a2200205Ii 4500 | ||
|---|---|---|---|
| 003 | JO-AjNU | ||
| 008 | 230605s9999||||xx |||||||||||||| ||und|| | ||
| 017 | _a2003/6/1065 | ||
| 040 |
_aJO-AjNU _bara _erda _cJO-AjNU |
||
| 041 | _aara | ||
| 050 | 1 | 4 | _aBF128.A7.S2252.2009 |
| 100 | 3 |
_aخليفة،صابر, _eauthor _931096 |
|
| 245 | 0 | 0 | _aمبادئ علم النفس |
| 264 | 3 | 1 | _aعمان:دار اسامة للنشر والتوزيع ، 2009 |
| 300 | _a256ص | ||
| 336 |
_atext _btxt _2rdacontent |
||
| 337 |
_aunmediated _bn _2rdamedia |
||
| 338 |
_avolume _bnc _2rdacarrier |
||
| 650 | 4 |
_aعلم النفس _931097 |
|
| 999 |
_aA12401 _c15969 _d15969 |
||